Civil engineering cost analysis (CECA). (Record no. 96514)

MARC details
000 -LEADER
fixed length control field 01122cam a2200301 4500
001 - CONTROL NUMBER
control field J84835
008 - FIXED-LENGTH DATA ELEMENTS--GENERAL INFORMATION
fixed length control field 090401t1997 xxu||||| |||| 00| 0 eng d
020 ## - INTERNATIONAL STANDARD BOOK NUMBER
International Standard Book Number 190085810X
035 ## - SYSTEM CONTROL NUMBER
System control number (Sirsi) u79247
041 ## - LANGUAGE CODE
Language code of text/sound track or separate title eng
050 ## - LIBRARY OF CONGRESS CALL NUMBER
Classification number 658.1552
100 ## - MAIN ENTRY--PERSONAL NAME
Personal name Jaggar, David
245 ## - TITLE STATEMENT
Title Civil engineering cost analysis (CECA).
260 ## - PUBLICATION, DISTRIBUTION, ETC.
Place of publication, distribution, etc. Kingston upon Thames
Name of publisher, distributor, etc. BCIS
Date of publication, distribution, etc. 1997
300 ## - PHYSICAL DESCRIPTION
Extent 107p. ; 30cm.
350 ## - PRICE (NR) (BK AM CF MU VM SE) [OBSOLETE]
Price 50
520 ## - SUMMARY, ETC.
Summary, etc. A research study undertaken by the School of the Built Environment, Liverpool John Moores University on behalf of the Royal Institution of Chartered Surveyors` Building Cost Information Service exploring the practicability of collecting cost information from civil engineering projects. Includes proforma and worked example.
650 ## - SUBJECT ADDED ENTRY--TOPICAL TERM
Topical term or geographic name entry element CECA
650 ## - SUBJECT ADDED ENTRY--TOPICAL TERM
Topical term or geographic name entry element CIVIL ENGINEERING COST ANALYSIS
650 ## - SUBJECT ADDED ENTRY--TOPICAL TERM
Topical term or geographic name entry element CIVIL ENGINEERING
650 ## - SUBJECT ADDED ENTRY--TOPICAL TERM
Topical term or geographic name entry element COST ANALYSIS
650 ## - SUBJECT ADDED ENTRY--TOPICAL TERM
Topical term or geographic name entry element COST CONTROL
690 ## - LOCAL SUBJECT ADDED ENTRY--TOPICAL TERM (OCLC, RLIN)
Topical term or geographic name as entry element BUILT ENVIRONMENT-BUILDING COSTS
710 ## - ADDED ENTRY--CORPORATE NAME
Corporate name or jurisdiction name as entry element Liverpool John Moores University
9 (RLIN) 2356
710 ## - ADDED ENTRY--CORPORATE NAME
Corporate name or jurisdiction name as entry element Building Cost Information Service
9 (RLIN) 1096
942 ## - ADDED ENTRY ELEMENTS (KOHA)
Suppress in OPAC 0
948 ## - LOCAL PROCESSING INFORMATION (OCLC); SERIES PART DESIGNATOR (RLIN)
c (OCLC) 26/06/1997
Holdings
Withdrawn status Lost status Source of classification or shelving scheme Damaged status Not for loan Home library Current library Shelving location Date acquired Cost, normal purchase price Total Checkouts Full call number Barcode Date last seen Date last checked out Copy number Cost, replacement price Price effective from Koha item type
    Dewey Decimal Classification     London London Folio 14/07/1997 50.00 4 F658.1552 30053439 06/08/2019 22/09/2009 1 50.00 06/08/2019 Book